000 00957nam a2200397Ia 4500
001 140655
003 232923
005 20241024062712.0
008 ||||||n9999 ||| || ||
082 _a658
100 _aGraham, Pauline
_9172231
245 0 _aMary Parker Follet
_bprecursora de la administración
_cprefacio de Rosabeth Moss Kanter ; introducción por Peter F. Drucker ; traducción Carmen Aspe Solórzano
250 _aeditado por Pauline Graham
562 _e2
650 0 _aAdministración de empresas
_91521
942 _cBKM
999 _c140655
_d140655
526 _a17598
526 _a102617
526 _a102618
526 _a15794
526 _a102620
526 _a10406
526 _a105630
526 _a1698
526 _a116204
526 _a4969
526 _a19790
526 _a104436
526 _a5144
526 _a51868
526 _a3899
526 _a9683
526 _a
526 _a1703
526 _a1697